[Event "400 Stay Safe Play From Home series"]
[Site "Emanuel Lasker Arena"]
[Date "2020.08.21"]
[Round "8"]
[White "Buzaglo"]
[Black "NTBT_DHS"]
[Result "0-1"]
[WhiteElo "1873"]
[BlackElo "2502"]
[Annotator "TA"]
[PlyCount "70"]
[EventDate "2020.08.21"]
[EventType "swiss (blitz)"]

{[%evp 17,69,21,29,-80,-73,-222,-227,-210,-142,-294,-271,-1490,-1501,-1573,-1546,-1579,-1579,-2448,-2400,-5278,-3060,-29989,-29990,-29990,-3494,-29991,-29990,-29989,0,-2875,0,-29984,-29985,-29991,-29992,-29994,-29995,-29997,-29997,-29997,-29998,-29998,-29996,-29997,-29998,-29998,-29998,-29998,-29999,-29999,-29999,-29999,-29999,-29999]} 1. d4 g6 2. Nf3 Bg7 3. g3 Nf6 4. Bg2 O-O 5. O-O d6 6. c4 Nbd7 7. Nc3 e5 8. e4 exd4 9. Nxd4 Nc5 {[#]} 10. Nf3 $146 {E68: King's Indian: Fianchetto: 6...Nbd7 7 0-0 e5 8 e4.} (10. f3 $1 $11) ({Predecessor:} 10. h3 Re8 11. Re1 Bd7 12. Bf4 Nh5 13. Be3 c6 14. Qc2 a5 15. Rad1 Qc7 16. Qd2 a4 17. Nde2 Be6 18. Qxd6 Qxd6 19. Rxd6 Ra5 20. Rc1 {1-0 (44) Carlsen,M (2863)-Giri,A (2764) chess24.com INT 2020}) 10... Nfxe4 $17 11. Re1 (11. Nxe4 $17 Nxe4 12. Re1) 11... Nxc3 $19 12. bxc3 {Black is clearly better.} Bf5 13. Be3 $2 (13. Nd4 $17) 13... Bxc3 {[%mdl 64] Double Attack} 14. Qc2 $2 (14. Bd2 Bb2 15. Bg5) 14... Bxc2 15. Rec1 Bxa1 16. Rxc2 Qf6 17. Bd4 Bxd4 18. h4 Nd3 19. Re2 Rae8 20. Rd2 Nxf2 (20... Bxf2+ $142 21. Rxf2 Nxf2 22. Kxf2 Qb2+ 23. Kg1 Re2 24. Bf1 Qc1 $1 {[%mdl 512]} 25. Nh2 Qe3+ 26. Kh1 Rf2 27. Bh3 Qxg3 {[%mdl 64] Double Attack} 28. Ng4 Qxh3+ 29. Kg1 Qg2#) 21. Kh2 Ng4+ 22. Kh3 Nf2+ (22... Bc3 $142 23. c5 Bxd2 24. Nxd2 Re2 25. Ne4 Nf2+ 26. Kh2 Nxe4 27. Kh3 Qf5+ {[%mdl 64] Double Attack} 28. Kh2 {[#]} Qf2 $1 {[%mdl 576] Double Attack} 29. cxd6 Qxg2#) 23. Kh2 Ng4+ 24. Kh3 Be3 {Black mates.} 25. Rc2 Qf5 26. Nd4 Bxd4 27. Bf3 Qxf3 28. Rg2 {[#]} Qf1 $1 29. c5 Qf5 30. Rf2 Nxf2+ 31. Kg2 Qh3+ 32. Kf3 Qh1+ 33. Kf4 Qe4+ 34. Kg5 Be3+ 35. Kf6 Qe5# {Black took control after the opening.} 0-1

[Event "400 Stay Safe Play From Home series"]
[Site "Emanuel Lasker Arena"]
[Date "2020.08.21"]
[Round "8"]
[White "GIULIO19031975"]
[Black "Stefanone"]
[Result "0-1"]
[WhiteElo "1799"]
[BlackElo "1983"]
[Annotator "NA RC"]
[PlyCount "70"]
[EventDate "2020.08.21"]
[EventType "swiss (blitz)"]

1. e4 {[%emt 0:00:01]} e6 {[%emt 0:00:01]} 2. Nf3 {[%emt 0:00:00]} d5 {[%emt 0:00:00]} 3. exd5 {[%emt 0:00:01]} exd5 {[%emt 0:00:00]} 4. d4 {[%emt 0:00:00]} c6 {[%emt 0:00:00]} 5. Be2 {[%emt 0:00:00]} f5 {[%emt 0:00:00]} 6. O-O {[%emt 0:00:00]} Nf6 {[%emt 0:00:00]} 7. c3 {[%emt 0:00:00]} Be7 {[%emt 0:00:00]} 8. Bf4 {[%emt 0:00:01]} O-O {[%emt 0:00:00]} 9. Be5 {[%emt 0:00:00]} Ne4 {[%emt 0:00:01]} 10. h4 {[%emt 0:00:01]} Bd6 {[%emt 0:00:01]} 11. h5 {[%emt 0:00:00]} Bxe5 {[%emt 0:00:01]} 12. Nxe5 {[%emt 0:00:01]} Be6 {[%emt 0:00:01]} 13. h6 {[%emt 0:00:01]} g5 {[%emt 0:00:01]} 14. Bd3 {[%emt 0:00:03]} Nd7 {[%emt 0:00:01]} 15. Bxe4 {[%emt 0:00:00]} fxe4 {[%emt 0:00:01]} 16. Nd2 {[%emt 0:00:01]} Nxe5 {[%emt 0:00:01]} 17. dxe5 {[%emt 0:00:00]} Qe7 {[%emt 0:00:00]} 18. Nb3 {[%emt 0:00:01]} Rf5 {[%emt 0:00:01]} 19. Nd4 {[%emt 0:00:01]} Rxe5 {[%emt 0:00:01]} 20. Qh5 {[%emt 0:00:02]} Bf7 {[%emt 0:00:02]} 21. Qg4 {[%emt 0:00:02]} Bg6 {[%emt 0:00:02]} 22. f4 {[%emt 0:00:02]} exf3 {[%emt 0:00:02]} 23. Nxf3 {[%emt 0:00:03]} Rf5 {[%emt 0:00:02]} 24. Rae1 {[%emt 0:00:02]} Qf7 {[%emt 0:00:01]} 25. Nxg5 {[%emt 0:00:04]} Qf6 {[%emt 0:00:02]} 26. Ne6 {[%emt 0:00:03]} Re8 {[%emt 0:00:03]} 27. Rxf5 {[%emt 0:00:02]} Qxf5 {[%emt 0:00:00]} 28. Qd4 {[%emt 0:00:02]} Qf7 {[%emt 0:00:05]} 29. Ng5 {[%emt 0:00:01]} Rxe1+ {[%emt 0:00:02]} 30. Kh2 {[%emt 0:00:01]} Qc7+ {[%emt 0:00:01]} 31. g3 {[%emt 0:00:04]} Re2+ {[%emt 0:00:02]} 32. Kh3 {[%emt 0:00:01]} Qd7+ {[%emt 0:00:01]} 33. Kh4 {[%emt 0:00:01]} Rh2+ {[%emt 0:00:01]} 34. Nh3 {[%emt 0:00:01]} Rxh3+ {[%emt 0:00:03]} 35. Kg5 {[%emt 0:00:02]} Qf5# {[%emt 0:00:01] (Lag: Av=0.41s, max=0.8s) (Lag: Av=0.41s, max=0.8s) (Lag: Av=0.41s, max=0.8s)} 0-1

[Event "400 Stay Safe Play From Home series"]
[Site "Emanuel Lasker Arena"]
[Date "2020.08.21"]
[Round "8"]
[White "Trotsky"]
[Black "Ao017545"]
[Result "1-0"]
[WhiteElo "1582"]
[BlackElo "1596"]
[Annotator "NA RC"]
[PlyCount "39"]
[EventDate "2020.08.21"]
[EventType "swiss (blitz)"]

1. d4 {[%emt 0:00:01]} e5 {[%emt 0:00:01]} 2. e3 {[%emt 0:00:00]} exd4 {[%emt 0:00:00]} 3. exd4 {[%emt 0:00:02]} Nc6 {[%emt 0:00:00]} 4. Be3 {[%emt 0:00:01]} d5 {[%emt 0:00:00]} 5. c4 {[%emt 0:00:01]} Nf6 {[%emt 0:00:00]} 6. Nc3 {[%emt 0:00:01]} Bb4 {[%emt 0:00:02]} 7. Qc2 {[%emt 0:00:02]} dxc4 {[%emt 0:00:01]} 8. Bxc4 {[%emt 0:00:01]} O-O {[%emt 0:00:03]} 9. O-O-O {[%emt 0:00:01]} Bg4 {[%emt 0:00:03]} 10. f3 {[%emt 0:00:01]} Bh5 {[%emt 0:00:00]} 11. g4 {[%emt 0:00:01]} Bg6 {[%emt 0:00:00]} 12. Bd3 {[%emt 0:00:01]} Bxd3 {[%emt 0:00:05]} 13. Qxd3 {[%emt 0:00:01]} Ba5 {[%emt 0:00:03]} 14. a3 {[%emt 0:00:02]} Bxc3 {[%emt 0:00:02]} 15. bxc3 {[%emt 0:00:01]} Nd5 {[%emt 0:00:01]} 16. h4 {[%emt 0:00:02]} Na5 {[%emt 0:00:01]} 17. Nh3 {[%emt 0:00:02]} Nb3+ {[%emt 0:00:00]} 18. Kb1 {[%emt 0:00:01]} a5 {[%emt 0:00:01]} 19. Ng5 {[%emt 0:00:01]} a4 {[%emt 0:00:00]} 20. Qxh7# {[%emt 0:00:01] (Lag: Av=0.66s, max=1.0s) (Lag: Av=0.66s, max=1.0s) (Lag: Av=0.66s, max=1.0s)} 1-0

[Event "400 Stay Safe Play From Home series"]
[Site "Emanuel Lasker Arena"]
[Date "2020.08.21"]
[Round "8"]
[White "Oscolucano"]
[Black "NIK-MCS1"]
[Result "0-1"]
[WhiteElo "1114"]
[BlackElo "1699"]
[Annotator "NA RC"]
[PlyCount "58"]
[EventDate "2020.08.21"]
[EventType "swiss (blitz)"]

{- Klyushkin, Nikolai} 1. d4 {[%emt 0:00:06]} d6 {[%emt 0:00:00]} 2. c4 {[%emt 0:00:01]} c6 {[%emt 0:00:00]} 3. Nc3 {[%emt 0:00:00]} Nd7 {[%emt 0:00:00]} 4. e4 {[%emt 0:00:01]} Qc7 {[%emt 0:00:00]} 5. Bd3 {[%emt 0:00:02]} e5 {[%emt 0:00:00]} 6. Qc2 {[%emt 0:00:01]} Ngf6 {[%emt 0:00:00]} 7. d5 {[%emt 0:00:01]} Be7 {[%emt 0:00:01]} 8. dxc6 {[%emt 0:00:01]} a5 {[%emt 0:00:00]} 9. cxd7+ {[%emt 0:00:02]} Bxd7 {[%emt 0:00:00]} 10. Nf3 {[%emt 0:00:01]} O-O {[%emt 0:00:00]} 11. O-O {[%emt 0:00:01]} h6 {[%emt 0:00:01]} 12. Be3 {[%emt 0:00:01]} Rac8 {[%emt 0:00:00]} 13. Rac1 {[%emt 0:00:01]} Rfe8 {[%emt 0:00:01]} 14. Nb5 {[%emt 0:00:01]} Qd8 {[%emt 0:00:02]} 15. Qb3 {[%emt 0:00:04]} Bf8 {[%emt 0:00:01]} 16. Nc3 {[%emt 0:00:01]} Be6 {[%emt 0:00:01]} 17. Nd5 {[%emt 0:00:02]} Bxd5 {[%emt 0:00:01]} 18. exd5 {[%emt 0:00:03]} e4 {[%emt 0:00:02]} 19. Bb6 {[%emt 0:00:06]} Qe7 {[%emt 0:00:02]} 20. Nd4 {[%emt 0:00:05]} exd3 {[%emt 0:00:02]} 21. Nf5 {[%emt 0:00:01]} Qd7 {[%emt 0:00:02]} 22. Qxd3 {[%emt 0:00:03]} Re5 {[%emt 0:00:02]} 23. Nd4 {[%emt 0:00:02]} Qg4 {[%emt 0:00:02]} 24. Nf3 {[%emt 0:00:03]} Re4 {[%emt 0:00:03]} 25. h3 {[%emt 0:00:05]} Qf4 {[%emt 0:00:02]} 26. Be3 {[%emt 0:00:02]} Rxe3 {[%emt 0:00:02]} 27. fxe3 {[%emt 0:00:01]} Qg3 {[%emt 0:00:04]} 28. Nd4 {[%emt 0:00:02]} Re8 {[%emt 0:00:01]} 29. Rf3 {[%emt 0:00:01]} Qe5 {[%emt 0:00:01] Tempo Tempo Tempo (Lag: Av=0.78s, max=2.3s) (Lag: Av=0.78s, max=2.3s) (Lag: Av=0.78s, max=2.3s)} 0-1

[Event "400 Stay Safe Play From Home series"]
[Site "Emanuel Lasker Arena"]
[Date "2020.08.21"]
[Round "9"]
[White "IceQueen"]
[Black "Buzaglo"]
[Result "1-0"]
[WhiteElo "2467"]
[BlackElo "1872"]
[Annotator "TA"]
[PlyCount "39"]
[EventDate "2020.08.21"]
[EventType "swiss (blitz)"]

{[%evp 9,38,-20,-16,-12,-9,-4,-8,-17,-4,-11,15,16,16,-28,204,80,191,186,259,275,387,377,652,411,1193,1071,1447,1441,1972,1574,29999]} 1. e4 e6 2. Nc3 d5 3. Nf3 d4 4. Ne2 c5 5. Ng3 Nc6 6. Bb5 {C00: French: Unusual White 2nd moves.} Bd7 7. Bxc6 $1 Bxc6 {[#]} 8. O-O $146 {The position is equal.} ({Predecessor:} 8. Ne5 Qc7 9. Nxc6 Qxc6 10. d3 g6 11. f4 h5 12. Qf3 f5 13. O-O Nf6 14. Re1 {½-½ (41) Mansson,P (2140)-Landgren,P (2247) Sweden 2015}) 8... Qc7 9. d3 e5 10. Nd2 Nf6 11. Nc4 Be7 $2 (11... b5 $11 {and Black has nothing to worry.} 12. Nd2 Rb8) 12. a4 (12. f4 $18 {and White stays clearly on top.}) 12... a6 (12... g6 $16) 13. f4 $18 O-O (13... b5 {keeps fighting.}) 14. fxe5 Nd7 (14... Ne8 $142 15. Bf4 Qd8) 15. Bf4 b5 $2 {[#]} (15... Qd8 16. Qg4 g6) 16. e6 $1 {[%mdl 512]} Ne5 (16... Qd8 $142 17. axb5 (17. exd7 bxc4 18. Nf5 cxd3 $14) 17... axb5 18. Rxa8 (18. exd7 Rxa1 19. Qxa1 bxc4 $14) 18... Bxa8) (16... fxe6 17. Bxc7) 17. Nxe5 Qc8 18. exf7+ Kh8 {[#]} 19. Qh5 $1 {[%csl Gh5][%cal Re5g6]} Bf6 20. Ng6# {Accuracy: White = 61%, Black = 15%.} 1-0

[Event "400 Stay Safe Play From Home series"]
[Site "Emanuel Lasker Arena"]
[Date "2020.08.21"]
[Round "9"]
[White "Hickey"]
[Black "Oscolucano"]
[Result "1-0"]
[WhiteElo "2224"]
[BlackElo "1113"]
[Annotator "TA"]
[PlyCount "43"]
[EventDate "2020.08.21"]
[EventType "swiss (blitz)"]

{[%evp 9,43,-30,37,37,66,36,57,47,67,45,66,-42,-29,-38,66,2,56,-15,22,36,29,35,713,110,97,87,75,-19,-25,-87,-89,-91,-89,-90,-83,-88]} 1. e4 c5 2. Bc4 d6 3. Nf3 e6 4. d4 cxd4 5. c3 a6 (5... Nf6 $11) 6. cxd4 $14 {B50: Sicilian: 2...d6, Miscellaneous.} b5 7. Bb3 Bb7 8. Nc3 {White is slightly better.} Be7 {[#]} 9. O-O $146 ({Predecessor:} 9. a3 Nf6 10. Qe2 O-O 11. O-O Re8 12. Bf4 Nh5 13. Be3 Nf6 14. Bf4 Qb6 15. e5 dxe5 16. dxe5 {1-0 (69) Roggenbach,O (1962)-Schampel,A (1985) Dresden 2006}) 9... Nf6 10. e5 ({White should try} 10. d5 $14 e5 11. Be3) 10... dxe5 $15 11. Nxe5 Nd5 ({Black should play} 11... O-O $15) 12. Ne4 (12. Re1 $14 O-O 13. Qg4) 12... Nd7 (12... O-O $11) 13. Re1 (13. Qg4 $14 Kf8 14. Bg5) 13... Nxe5 14. dxe5 O-O 15. Qg4 {Strongly threatening Bh6!} Bb4 $2 {[%mdl 8192] [#]} (15... Kh8 $14) 16. Rd1 $2 (16. Bxd5 $1 $18 {[%mdl 512] is more deadly.} Qxd5 (16... Bxd5 17. Bh6) 17. Nf6+ {[%mdl 64] Double Attack, Discovered Attack} Kh8 18. Nxd5 Bxe1 19. Nb6) 16... Kh8 $16 17. Bg5 Be7 18. Qh4 ({Better is} 18. Bxe7 $16 Qxe7 19. Nd6) 18... Bxg5 $1 $11 19. Nxg5 (19. Qxg5 $11 {remains equal.} Qxg5 20. Nxg5) 19... h6 $17 {Black is better.} 20. Nf3 Qxh4 21. Nxh4 Rfd8 22. Nf3 {[%mdl 32768] Accuracy: White = 39%, Black = 50%. . Loss on time!?} 1-0

[Event "400 Stay Safe Play From Home series"]
[Site "Emanuel Lasker Arena"]
[Date "2020.08.21"]
[Round "9"]
[White "MihailoVujic"]
[Black "Mepe_Nika"]
[Result "0-1"]
[WhiteElo "2179"]
[BlackElo "2348"]
[Annotator "TA"]
[PlyCount "66"]
[EventDate "2020.08.21"]
[EventType "swiss (blitz)"]

{[%evp 11,66,33,25,0,6,-10,8,-60,-54,-118,-23,-346,-141,-353,-155,-151,73,57,63,0,207,50,192,185,193,193,192,182,199,183,784,772,812,367,29962,5523,29985,29986,29985,29986,29993,29994,29998,29991,29995,29991,29991,29992,29999,29995,29995,29995,29997,29998,29998,-29999,29995]} 1. e4 c6 2. d4 d5 3. f3 dxe4 4. fxe4 e5 5. Nf3 Bg4 6. Bc4 Nd7 7. O-O {B12: Caro-Kann: Advance Variation.} (7. c3 {with more complications.} Bh5 8. O-O Ngf6 9. Nbd2 Bd6 10. Bd3) 7... Ngf6 $1 8. c3 {Threatens to win with Qb3.} Bd6 9. Qb3 (9. Bg5 $11) 9... O-O $15 10. Qxb7 (10. Nbd2 $15) 10... exd4 {[#]} (10... Rb8 $1 $17 {[%cal Rb8b7]} 11. Qxc6 Rb6) 11. Nxd4 $146 {[%mdl 8192]} (11. cxd4 $11 {and White has nothing to worry.} Nb6 12. Bd3) ({Predecessor:} 11. Qxc6 Qe7 12. cxd4 Rac8 13. Qa6 Nxe4 14. Nc3 Bxf3 15. Rxf3 Nb6 16. Bf1 Qh4 17. g3 Nxg3 18. hxg3 Bxg3 {1-0 (28) Rodriguez Vila,A (2511)-Limp,E (2413) Sao Paulo 2006}) 11... Ne5 (11... Nc5 $19 {is more deadly.} 12. Qb4 (12. Qxc6 $2 Rc8 $19) 12... Nfxe4) 12. Nxc6 $2 (12. Nd2 $17) 12... Bc5+ (12... Nxc6 $19 {has better winning chances.} 13. Qxc6 Rc8) 13. Kh1 $17 {[#]} Qd6 $2 (13... Nxc6 $1 $17 {and life is bright.} 14. Qxc6 Rc8) 14. Nxe5 $16 Qxe5 15. Bf4 (15. b4 $14 Bb6 16. Bf4 Qxe4 17. Qxe4 Nxe4 18. Nd2 Nf2+ 19. Rxf2 Bxf2 20. Rf1) 15... Qh5 $2 (15... Qxe4 $11 16. Qxe4 Nxe4) 16. e5 $2 ({Better is} 16. Nd2 $18) 16... Be2 {[#]} (16... Rab8 $14 17. Bxf7+ Qxf7 18. Qxf7+ Rxf7 19. exf6 Rxb2) 17. Bxe2 $1 $18 ({But not} 17. exf6 $6 Bxc4 18. Qf3 Qf5 $16) 17... Qxe2 {[%cal Re2f1]} 18. Nd2 {[%cal Bb1d2,Bd2e4,Be4c5,Bc5e6][%mdl 32]} Ng4 19. Ne4 Rab8 20. Qd5 Rxb2 $2 (20... Nf2+ 21. Nxf2 Bxf2) 21. Nxc5 h6 22. e6 (22. Rae1 $142 Qb5 23. c4) 22... Ne3 $2 (22... fxe6 $18 23. Qxe6+ Qxe6 24. Nxe6 Rf6) 23. Bxe3 Qxe3 24. exf7+ Kh8 25. Ne6 Rxf7 26. Rxf7 Rf2 27. Rxg7 Rf8 28. Qh5 Qxe6 {[#]} 29. Rg6 $1 {[%cal Rh5h6][%mdl 64] Double Attack} Qf6 30. Rxf6 Rxf6 31. Re1 Kg7 32. Re7+ {[%mdl 64] Double Attack} Rf7 33. Re8 $4 {[%mdl 8192]} (33. Qxf7+ Kh8 34. Qh7#) 33... Rf8 $4 {[%mdl 40960] Accuracy: White = 39%, Black = 26%. . Loss on time!?} (33... Rf1# {and all is fine.}) 0-1

[Event "400 Stay Safe Play From Home series"]
[Site "Emanuel Lasker Arena"]
[Date "2020.08.21"]
[Round "9"]
[White "Stefanone"]
[Black "AChessPlayer"]
[Result "0-1"]
[WhiteElo "1992"]
[BlackElo "2447"]
[Annotator "TA"]
[PlyCount "64"]
[EventDate "2020.08.21"]
[EventType "swiss (blitz)"]

{[%evp 9,63,-6,1,-10,-6,-9,-2,-29,22,-25,15,-39,396,387,665,648,665,663,663,658,654,662,668,664,685,663,662,674,757,717,804,739,786,817,763,736,835,754,832,833,853,815,1105,813,908,579,579,579,620,620,596,-852,-852,-29994,-29995,-29999]} 1. d4 Nf6 2. e3 e6 3. f4 d5 4. Nf3 Be7 5. Bd3 O-O 6. c3 {D00: 1 d4 d5: Unusual lines.} c5 7. Qe2 Nc6 {[#]} 8. Ne5 $146 {The position is equal.} ({Predecessor:} 8. O-O Re8 9. Nbd2 Qc7 10. Ne5 a6 11. Ndf3 c4 12. Bc2 b5 13. a3 Bb7 14. Bd2 Ne4 15. Nxc6 Bxc6 16. Ne5 f6 17. Nf3 Bd6 18. Rae1 {0-1 (37) Gerstmann,S (1396)-Kaiser,M (1812) Leipzig 2005}) 8... Bd7 (8... Ne4 $142) 9. O-O Be8 10. Rf3 (10. Nd2 $11) 10... Nd7 $2 {[%mdl 8192] [#]} (10... Ne4 $15 {keeps the upper hand.}) 11. Bxh7+ $1 $18 {[%mdl 512]} Kxh7 $2 {[#]} (11... Kh8 12. Nxd7 Kxh7 13. Rh3+ (13. Nxc5 Bxc5 14. Rh3+ Kg8 $16) 13... Kg8) 12. Rh3+ $1 Bh4 {and if ...Rh8 works, Black does fine.} 13. Qh5+ Kg8 14. Rxh4 Qxh4 15. Qxh4 Ndxe5 16. fxe5 f5 17. Qf2 Bh5 18. Nd2 {[%cal Bb1d2,Bd2f3,Bf3g5][%mdl 32]} c4 19. Nf3 Rf7 20. h3 Re7 21. Qh4 Bg6 22. Ng5 Rf8 23. Bd2 a6 24. Rf1 Ree8 25. g4 Ne7 26. gxf5 Nxf5 27. Rxf5 Rxf5 28. e4 dxe4 29. Nxe4 Ref8 {intending ...Rf1+.} 30. Qg3 $4 {[%mdl 8192]} (30. Kg2 $18) 30... Rf1+ $19 {[%mdl 64] Discovered Attack} 31. Kg2 Bxe4+ 32. Kh2 Rh1# {Black used his chance. Accuracy: White = 56%, Black = 37%.} 0-1

[Event "400 Stay Safe Play From Home series"]
[Site "Emanuel Lasker Arena"]
[Date "2020.08.21"]
[Round "9"]
[White "Schachwerk_64"]
[Black "Ao017545"]
[Result "0-1"]
[WhiteElo "1947"]
[BlackElo "1578"]
[Annotator "NA RC"]
[PlyCount "28"]
[EventDate "2020.08.21"]
[EventType "swiss (blitz)"]

1. g3 {[%emt 0:00:02]} e5 {[%emt 0:00:00]} 2. Bg2 {[%emt 0:00:01]} Bc5 {[%emt 0:00:00]} 3. e4 {[%emt 0:00:01]} Nf6 {[%emt 0:00:00]} 4. Nf3 {[%emt 0:00:01]} Ng4 {[%emt 0:00:00]} 5. O-O {[%emt 0:00:00]} h5 {[%emt 0:00:01]} 6. h3 {[%emt 0:00:01]} d6 {[%emt 0:00:04]} 7. hxg4 {[%emt 0:00:02]} hxg4 {[%emt 0:00:01]} 8. Nh2 {[%emt 0:00:01]} Qg5 {[%emt 0:00:02]} 9. d4 {[%emt 0:00:10]} Qh5 {[%emt 0:00:06]} 10. f4 {[%emt 0:00:03]} Bxd4+ {[%emt 0:00:05]} 11. Rf2 {[%emt 0:00:04]} Qxh2+ {[%emt 0:00:00]} 12. Kf1 {[%emt 0:00:01]} Qxg3 {[%emt 0:00:09]} 13. Re2 {[%emt 0:00:03]} Rh1+ {[%emt 0:00:03]} 14. Bxh1 {[%emt 0:00:02]} Qg1# {[%emt 0:00:00] (Lag: Av=0.66s, max=0.8s) (Lag: Av=0.66s, max=0.8s) (Lag: Av=0.66s, max=0.8s)} 0-1